[Event "Eesti U16"]
[Site "Narva"]
[Date "2019.06.01"]
[Round "6.2"]
[White "Timoshin, Andrei"]
[Black "Pedmanson, Albert"]
[Result "1-0"]
[WhiteElo "2158"]
[BlackElo "1861"]
[PlyCount "101"]
[EventDate "2019.05.30"]
[EventRounds "7"]
[EventCountry "EST"]
[SourceVersionDate "2019.11.23"]

1. e4 e5 2. Nf3 Nc6 3. Nc3 Nf6 4. d4 exd4 5. Nxd4 d6 6. Be2 g6 7. Be3 Bg7 8.
Qd2 Bd7 9. f3 a6 10. Nxc6 Bxc6 11. O-O-O Qe7 12. Bh6 Bxh6 13. Qxh6 O-O-O 14.
Bc4 Nd7 15. h4 Ne5 16. Bb3 Kb8 17. Kb1 Qf8 18. Qd2 f5 19. exf5 Qxf5 20. Ne2 Bd7
21. Ng3 Qf8 22. h5 Bf5 23. h6 Qf6 24. Rde1 Rde8 25. Nxf5 Qxf5 26. a3 Rhf8 27.
Rh4 Qf6 28. Rhe4 g5 29. Rh1 Ng6 30. Qe3 Rxe4 31. Qxe4 Qf4 32. Bd5 c6 33. Qxf4
gxf4 34. Be4 d5 35. Bxg6 hxg6 36. b4 Kc7 37. Kb2 Kd6 38. Kc3 Rh8 39. Kd4 b6 40.
c4 c5+ 41. Kd3 a5 42. bxc5+ bxc5 43. cxd5 Kxd5 44. h7 c4+ 45. Kc3 Kc5 46. a4
Kd5 47. Rd1+ Ke5 48. Rd7 Ke6 49. Ra7 Kd5 50. Rxa5+ Kc6 51. Ra7 1-0

[Event "Eesti U16"]
[Site "Narva"]
[Date "2019.06.01"]
[Round "6.3"]
[White "Rikas, Artur"]
[Black "Orgse, Karl Kristofer"]
[Result "1-0"]
[WhiteElo "1756"]
[BlackElo "1813"]
[PlyCount "115"]
[EventDate "2019.05.30"]
[EventRounds "7"]
[EventCountry "EST"]
[SourceVersionDate "2019.11.23"]

1. e4 c6 2. d3 g6 3. Nf3 Bg7 4. g3 d6 5. Bg2 Nd7 6. O-O e5 7. Be3 Ne7 8. Qd2 h6
9. Nc3 g5 10. h3 O-O 11. Nh2 b5 12. f4 f6 13. h4 b4 14. Nd1 gxf4 15. gxf4 Ng6
16. f5 Ne7 17. Bf3 a5 18. Bh5 Kh8 19. Kh1 Nc5 20. Rg1 Ng8 21. Nf2 Ra7 22. Rg3
Re7 23. Rag1 Bd7 24. Bg6 Be8 25. h5 Nb7 26. Nfg4 d5 27. Qc1 dxe4 28. dxe4 Nd6
29. Nf2 Nb5 30. Rd1 Rd7 31. Bc5 Nd6 32. Rgd3 Nb5 33. Bxf8 Bxf8 34. Bxe8 Rxd3
35. Rxd3 Qxe8 36. Qd2 Qxh5 37. Rh3 Qf7 38. Nhg4 Nd4 39. Nxh6 Nxh6 40. Ng4 Qc4
41. Qg2 Qxc2 42. Qxc2 Nxc2 43. Nxh6 Kg7 44. Ng4 Nd4 45. Kg2 a4 46. Rh6 Be7 47.
Rg6+ Kf7 48. Nh6+ Ke8 49. Ng8 Ne2 50. Nxe7 Nf4+ 51. Kf3 Kxe7 52. Rg7+ Kd6 53.
Ra7 Nd3 54. Rxa4 c5 55. Ra6+ Ke7 56. b3 Ne1+ 57. Ke2 Nc2 58. Kd3 1-0

[Event "Eesti U16"]
[Site "Narva"]
[Date "2019.06.01"]
[Round "6.4"]
[White "Tõnisson, Trent Asso"]
[Black "Pedoson, Georg Aleksander"]
[Result "0-1"]
[WhiteElo "1732"]
[BlackElo "2179"]
[PlyCount "52"]
[EventDate "2019.05.30"]
[EventRounds "7"]
[EventCountry "EST"]
[SourceVersionDate "2019.11.23"]

1. e4 c6 2. d4 d6 3. c4 Nd7 4. Nc3 e5 5. Be3 Ngf6 6. g3 Be7 7. Bg2 Qc7 8. h3
O-O 9. Nge2 a6 10. d5 cxd5 11. cxd5 b5 12. Rc1 Qb8 13. O-O a5 14. f4 Ba6 15.
Re1 Rc8 16. Qd2 b4 17. Na4 Qb5 18. b3 Qd3 19. Rxc8+ Rxc8 20. Nc1 Qxd2 21. Bxd2
Nh5 22. Kh2 Rc2 23. Be3 exf4 24. Bxf4 g5 25. Be3 Ne5 26. g4 Nf3+ 0-1

[Event "Eesti U16"]
[Site "Narva"]
[Date "2019.06.01"]
[Round "6.5"]
[White "Snitsarenko, Igor"]
[Black "Nikitin, Arseni"]
[Result "0-1"]
[WhiteElo "1768"]
[BlackElo "1883"]
[PlyCount "84"]
[EventDate "2019.05.30"]
[EventRounds "7"]
[EventCountry "EST"]
[SourceVersionDate "2019.11.23"]

1. e4 c5 2. Nf3 d6 3. d4 cxd4 4. Qxd4 Nc6 5. Bb5 Bd7 6. Bxc6 Bxc6 7. O-O Nf6 8.
Nc3 g6 9. Bg5 Bg7 10. Qd3 O-O 11. Rfe1 Nd7 12. Nd5 Re8 13. c3 h6 14. Bh4 g5 15.
Bg3 Nc5 16. Qc2 a5 17. c4 e6 18. Nc3 Bxc3 19. bxc3 e5 20. Rad1 Qe7 21. h4 Ba4
22. Qd2 Bxd1 23. Qxd1 f6 24. hxg5 hxg5 25. Nh2 Kg7 26. Ng4 Qe6 27. Qf3 Rad8 28.
Ne3 Kg6 29. Rb1 Rd7 30. Rb5 a4 31. Nd5 Rh8 32. Rb2 Rdh7 33. Kf1 f5 34. exf5+
Qxf5 35. Qxf5+ Kxf5 36. Rb6 Ke6 37. f3 Rh1+ 38. Ke2 Ra1 39. Rb2 a3 40. Rd2 Rc8
41. Bf2 Na4 42. Nb4 Rxc4 0-1

[Event "Eesti U16"]
[Site "Narva"]
[Date "2019.06.01"]
[Round "6.6"]
[White "Nazarov, Vladislav"]
[Black "Aga, Rihard"]
[Result "0-1"]
[WhiteElo "1755"]
[BlackElo "2023"]
[PlyCount "112"]
[EventDate "2019.05.30"]
[EventRounds "7"]
[EventCountry "EST"]
[SourceVersionDate "2019.11.23"]

1. c4 Nf6 2. d4 g6 3. Nc3 d5 4. cxd5 Nxd5 5. e4 Nxc3 6. bxc3 Bg7 7. Nf3 c5 8.
e5 Nc6 9. Be3 Qa5 10. Qd2 O-O 11. Rd1 Rd8 12. Be2 Nxe5 13. Nxe5 Bxe5 14. O-O
cxd4 15. cxd4 Qxd2 16. Rxd2 Bd6 17. Bf3 Rb8 18. g3 b6 19. Rc1 Bb7 20. Kg2 Kg7
21. Bxb7 Rxb7 22. Rdc2 Rdd7 23. Rc4 Rbc7 24. Kf3 b5 25. Rxc7 Bxc7 26. Ke4 f5+
27. Kf3 Bb6 28. Rb1 Rd5 29. Ke2 Kf6 30. Rb3 Ke6 31. Kd3 Kd7 32. Ke2 Kc6 33.
Rc3+ Kb7 34. Rb3 a5 35. Rb1 Ka6 36. Rd1 b4 37. Rd3 Kb5 38. Bg5 Rxd4 39. Rxd4
Bxd4 40. Bxe7 Kc4 41. f3 a4 42. Kd2 b3 43. axb3+ Kxb3 44. Kd3 Bg7 45. Ke3 Be5
46. Kd3 a3 47. Bxa3 Kxa3 48. Kc4 Kb2 49. Kd5 Bc7 50. Ke6 f4 51. gxf4 Bxf4 52.
h3 Kc3 53. Kf6 g5 54. Kg7 h5 55. Kg6 h4 56. Kf5 Kd3 0-1

[Event "Eesti U16"]
[Site "Narva"]
[Date "2019.06.01"]
[Round "6.7"]
[White "Krivenko, Dion"]
[Black "Shnurov, Daniil"]
[Result "1/2-1/2"]
[WhiteElo "1746"]
[BlackElo "1719"]
[PlyCount "43"]
[EventDate "2019.05.30"]
[EventRounds "7"]
[EventCountry "EST"]
[SourceVersionDate "2019.11.23"]

1. Nf3 Nf6 2. g3 e6 3. Bg2 d5 4. O-O Be7 5. d3 O-O 6. Nbd2 Nbd7 7. e4 h6 8. Re1
c5 9. e5 Nh7 10. Nf1 b6 11. h4 Bb7 12. N1h2 Rb8 13. Bf4 d4 14. Ng4 Re8 15. Qc1
h5 16. Ngh2 Ndf8 17. Nd2 Bxg2 18. Kxg2 Ng6 19. Ne4 Qd5 20. Nf3 Rbd8 21. Kh2 f5
22. Neg5 1/2-1/2

[Event "Eesti U16"]
[Site "Narva"]
[Date "2019.06.01"]
[Round "6.8"]
[White "Uibokant, Karl Oskar"]
[Black "Rõtshagov, Nikita"]
[Result "0-1"]
[WhiteElo "1724"]
[BlackElo "1798"]
[PlyCount "46"]
[EventDate "2019.05.30"]
[EventRounds "7"]
[EventCountry "EST"]
[SourceVersionDate "2019.11.23"]

1. e4 e5 2. Nf3 Nc6 3. Bc4 Bc5 4. c3 Nf6 5. d4 exd4 6. cxd4 Bb4+ 7. Bd2 Nxe4 8.
Bxf7+ Kxf7 9. Qb3+ d5 10. Bxb4 a5 11. Bd2 Nxd2 12. Kxd2 a4 13. Qd3 Qf6 14. Nc3
Rd8 15. Qxh7 Nxd4 16. Qh5+ Kg8 17. Rad1 Nxf3+ 18. gxf3 Bf5 19. Kc1 a3 20. Rd2
axb2+ 21. Kxb2 g6 22. Qh6 Rxa2+ 23. Kxa2 Qxc3 0-1

[Event "Eesti U16"]
[Site "Narva"]
[Date "2019.06.01"]
[Round "6.10"]
[White "Mihhailov, Nikita"]
[Black "Naestema, Joonas Aditya"]
[Result "1-0"]
[WhiteElo "1691"]
[BlackElo "1582"]
[PlyCount "39"]
[EventDate "2019.05.30"]
[EventRounds "7"]
[EventCountry "EST"]
[SourceVersionDate "2019.11.23"]

1. e4 d5 2. exd5 Nf6 3. Nc3 Nxd5 4. d4 g6 5. Nf3 Bg7 6. Bc4 Nb6 7. Bb3 Nc6 8.
Be3 O-O 9. Qd2 Re8 10. O-O-O Na5 11. Bh6 Nxb3+ 12. axb3 Bh8 13. Qf4 Qd6 14. Qh4
c6 15. Rhe1 Bf6 16. Bg5 Kg7 17. Ne4 Bxg5+ 18. Nfxg5 Nd5 19. Qxh7+ Kf8 20. Qh8#
1-0

[Event "Eesti U16"]
[Site "Narva"]
[Date "2019.06.01"]
[Round "6.11"]
[White "Lainevool, Mirko"]
[Black "Sizov, Lev"]
[Result "0-1"]
[WhiteElo "1467"]
[BlackElo "1567"]
[PlyCount "48"]
[EventDate "2019.05.30"]
[EventRounds "7"]
[EventCountry "EST"]
[SourceVersionDate "2019.11.23"]

1. e4 c5 2. Nc3 d6 3. f4 Nc6 4. Bb5 a6 5. Bxc6+ bxc6 6. Nf3 d5 7. d3 e6 8. O-O
Be7 9. Qe1 Nf6 10. b3 Qc7 11. Bb2 Qxf4 12. e5 Nd7 13. Ne2 Qg4 14. h3 Qg6 15.
Nf4 Qh6 16. Bc1 g5 17. Ne2 Qg7 18. Ng3 h5 19. Qe3 g4 20. Ng5 Bxg5 21. Qxg5 Qxg5
22. Bxg5 gxh3 23. gxh3 h4 24. Ne2 Rg8 0-1

[Event "Eesti U16"]
[Site "Narva"]
[Date "2019.06.02"]
[Round "7.1"]
[White "Timoshin, Andrei"]
[Black "Protassov, Vlad"]
[Result "1-0"]
[WhiteElo "2158"]
[BlackElo "2006"]
[PlyCount "109"]
[EventDate "2019.05.30"]
[EventRounds "7"]
[EventCountry "EST"]
[SourceVersionDate "2019.11.23"]

1. e4 c6 2. d4 d5 3. Nd2 dxe4 4. Nxe4 Nf6 5. Nxf6+ exf6 6. c3 Bd6 7. Bd3 O-O 8.
Ne2 Bg4 9. O-O Nd7 10. f3 Bh5 11. Bf4 Nb6 12. Qe1 Bg6 13. Bxg6 hxg6 14. Qg3
Bxf4 15. Nxf4 Qd6 16. Nd3 Qxg3 17. hxg3 Nc4 18. Rfe1 Rfe8 19. Kf2 g5 20. a4 a5
21. Rxe8+ Rxe8 22. b3 Nd6 23. Nb2 Rd8 24. Nc4 Nxc4 25. bxc4 Kf8 26. Ke3 Ke7 27.
Rb1 Rd7 28. c5 f5 29. c4 Kd8 30. Rd1 Re7+ 31. Kd3 f4 32. gxf4 gxf4 33. d5 Re3+
34. Kd4 Re2 35. Rg1 Kd7 36. Rb1 Kc7 37. d6+ Kc8 38. d7+ Kxd7 39. Rxb7+ Ke8 40.
Ra7 Rxg2 41. Rxa5 Rf2 42. Ke4 Rc2 43. Kxf4 Rxc4+ 44. Ke5 Kd7 45. Ra7+ Kc8 46.
Rxf7 Rxc5+ 47. Kd6 Rc3 48. a5 Kb8 49. a6 c5 50. f4 c4 51. a7+ Ka8 52. Rxg7 Rc1
53. Rc7 c3 54. Ke5 Re1+ 55. Kf6 1-0

[Event "Eesti U16"]
[Site "Narva"]
[Date "2019.06.02"]
[Round "7.2"]
[White "Nikitin, Arseni"]
[Black "Rikas, Artur"]
[Result "1-0"]
[WhiteElo "1883"]
[BlackElo "1756"]
[PlyCount "87"]
[EventDate "2019.05.30"]
[EventRounds "7"]
[EventCountry "EST"]
[SourceVersionDate "2019.11.23"]

1. e4 e6 2. d4 d5 3. Nc3 Bb4 4. e5 c5 5. a3 Bxc3+ 6. bxc3 Qc7 7. Qg4 f5 8. Qg3
cxd4 9. cxd4 Ne7 10. Bd2 O-O 11. Bd3 b6 12. Ne2 Ba6 13. Bxa6 Nxa6 14. Rc1 Qd7
15. h4 Nc7 16. h5 Ne8 17. Nf4 Rc8 18. Bb4 Rf7 19. Bd2 Rc4 20. c3 a5 21. Rh3 b5
22. Rb1 Nc6 23. Nd3 Nc7 24. Qg5 Qe7 25. Nb2 Qxa3 26. Nxc4 Qa2 27. Nxa5 Qxb1+
28. Ke2 Qe4+ 29. Re3 h6 30. Qg6 Nxa5 31. Rxe4 dxe4 32. Bxh6 Nd5 33. Kd2 Nc4+
34. Kc1 Nxc3 35. Bg5 Rc7 36. Qxe6+ Kh8 37. h6 Na3 38. hxg7+ Kxg7 39. Bf6+ Kh7
40. Qxf5+ Kh6 41. Qg5+ Kh7 42. Qh5+ Kg8 43. Qh8+ Kf7 44. Qg7+ 1-0

[Event "Eesti U16"]
[Site "Narva"]
[Date "2019.06.02"]
[Round "7.3"]
[White "Pedoson, Georg Aleksander"]
[Black "Aga, Rihard"]
[Result "1-0"]
[WhiteElo "2179"]
[BlackElo "2023"]
[PlyCount "157"]
[EventDate "2019.05.30"]
[EventRounds "7"]
[EventCountry "EST"]
[SourceVersionDate "2019.11.23"]

1. d4 d5 2. c4 e6 3. Nc3 Nf6 4. cxd5 exd5 5. Bg5 Be7 6. e3 O-O 7. Bd3 h6 8. Bf4
Bd6 9. Nge2 c6 10. Rc1 Re8 11. O-O Bxf4 12. Nxf4 Nbd7 13. Nfe2 Qe7 14. Ng3 Nf8
15. Re1 b6 16. e4 dxe4 17. Ncxe4 Bd7 18. Qf3 Nxe4 19. Bxe4 Qb4 20. Red1 Qxb2
21. Nh5 Qb5 22. d5 Re5 23. dxc6 Bf5 24. Bd5 Be6 25. Nf4 Rc8 26. Be4 Rc5 27. Rb1
Qa4 28. Nd3 Rc3 29. Qe3 Rd8 30. Qe1 Qa3 31. Nf4 Re8 32. Bd5 Rc5 33. Rb3 Qa4 34.
Rb4 Qa5 35. h3 Kh8 36. Re4 Qxe1+ 37. Rdxe1 Rc8 38. Nxe6 fxe6 39. Bxe6 Nxe6 40.
Rxe6 R5xc6 41. Rxc6 Rxc6 42. Re7 a5 43. Rb7 Rc1+ 44. Kh2 Rc2 45. Rxb6 Rxa2 46.
Kg3 a4 47. Ra6 a3 48. h4 Kg8 49. h5 Kf7 50. Kf3 Ra1 51. Kf4 Ra2 52. Kf3 Ra1 53.
g4 Ra2 54. Kg3 Ra1 55. Kf4 Ra2 56. f3 Ra1 57. Kf5 Re1 58. Rxa3 Re7 59. f4 Rb7
60. Ra5 Rc7 61. g5 hxg5 62. Kxg5 Rb7 63. Rf5+ Kg8 64. h6 gxh6+ 65. Kxh6 Rb6+
66. Kg5 Kg7 67. Ra5 Rb7 68. f5 Rc7 69. Ra6 Rb7 70. Rg6+ Kf7 71. Rh6 Kg8 72. Kg6
Rb1 73. Rh4 Ra1 74. Rb4 Kf8 75. Rb8+ Ke7 76. f6+ Ke6 77. Re8+ Kd7 78. f7 Rg1+
79. Kh5 1-0

[Event "Eesti U16"]
[Site "Narva"]
[Date "2019.06.02"]
[Round "7.4"]
[White "Sinitsõna, Anastassia"]
[Black "Orgse, Karl Kristofer"]
[Result "1-0"]
[WhiteElo "2126"]
[BlackElo "1813"]
[PlyCount "145"]
[EventDate "2019.05.30"]
[EventRounds "7"]
[EventCountry "EST"]
[SourceVersionDate "2019.11.23"]

1. Nf3 Nf6 2. g3 b5 3. Bg2 Bb7 4. O-O e6 5. d3 Be7 6. e4 d5 7. e5 Nfd7 8. d4 c5
9. c3 Nc6 10. Re1 a5 11. h4 Qc7 12. Bf4 a4 13. Na3 Qb6 14. Nc2 O-O 15. Bg5 Rfc8
16. Bxe7 Nxe7 17. Ng5 h6 18. Nf3 b4 19. dxc5 Nxc5 20. cxb4 Ne4 21. Qd4 Qd8 22.
Rac1 Nf5 23. Qd3 Ba6 24. b5 Qb6 25. Ncd4 Rxc1 26. Rxc1 Rc8 27. Rxc8+ Bxc8 28.
Qc2 Nxd4 29. Qxc8+ Kh7 30. Nxd4 Qxd4 31. Qc2 g6 32. Bxe4 dxe4 33. Qc3 Qb6 34.
Qc6 Qd4 35. b6 Qd1+ 36. Kh2 Qd4 37. Kg2 Qd3 38. b7 Qf3+ 39. Kg1 Qd1+ 40. Kh2
Qf3 41. Qb6 e3 42. Qxe3 Qxb7 43. b3 axb3 44. axb3 Qd5 45. b4 Kg7 46. Qc5 Qf3
47. b5 g5 48. hxg5 hxg5 49. Qe3 Qh5+ 50. Kg2 g4 51. b6 Qh3+ 52. Kg1 Qh7 53. Qe1
Qc2 54. b7 Qb3 55. Qe4 Kf8 56. Qc6 Kg7 57. Qa6 Qb1+ 58. Kg2 Qe4+ 59. Kf1 Qb1+
60. Ke2 Qc2+ 61. Ke3 Qc3+ 62. Qd3 Qxe5+ 63. Qe4 Qc3+ 64. Ke2 Qb2+ 65. Kf1 Kf8
66. Kg2 Qb3 67. Qc6 Kg7 68. Qc7 Qf3+ 69. Kg1 Qd1+ 70. Kh2 Qf3 71. Qb6 Qe4 72.
b8=Q Qh7+ 73. Kg1 1-0

[Event "Eesti U16"]
[Site "Narva"]
[Date "2019.06.02"]
[Round "7.5"]
[White "Rõtshagov, Nikita"]
[Black "Pedmanson, Albert"]
[Result "0-1"]
[WhiteElo "1798"]
[BlackElo "1861"]
[PlyCount "94"]
[EventDate "2019.05.30"]
[EventRounds "7"]
[EventCountry "EST"]
[SourceVersionDate "2019.11.23"]

1. e4 d5 2. exd5 Qxd5 3. Nc3 Qd6 4. d4 Nf6 5. Nf3 a6 6. Be2 Bg4 7. O-O Bxf3 8.
Bxf3 c6 9. Ne2 e6 10. c4 Qd8 11. Bf4 Bd6 12. Qb3 b5 13. Bxd6 Qxd6 14. cxb5 axb5
15. Nc3 Ra7 16. Rad1 O-O 17. Rfe1 Nbd7 18. Ne4 Nxe4 19. Bxe4 Nf6 20. a3 Ra4 21.
Qf3 Nxe4 22. Rxe4 Rd8 23. h3 c5 24. Qb3 Qd7 25. Re5 Rxd4 26. Rc1 Rd1+ 27. Qxd1
Qxd1+ 28. Rxd1 Rxd1+ 29. Kh2 Rd5 30. Re2 Kf8 31. Kg3 Ke7 32. Kf3 Kd6 33. Rc2
Rd4 34. Ke3 e5 35. f3 c4 36. Rc3 Kd5 37. g3 f5 38. g4 g6 39. Ke2 e4 40. gxf5
gxf5 41. fxe4+ Kxe4 42. Re3+ Kf4 43. b3 Re4 44. Rxe4+ Kxe4 45. bxc4 bxc4 46. a4
f4 47. a5 Kd5 0-1

[Event "Eesti U16"]
[Site "Narva"]
[Date "2019.06.02"]
[Round "7.7"]
[White "Shnurov, Daniil"]
[Black "Tõnisson, Trent Asso"]
[Result "1/2-1/2"]
[WhiteElo "1719"]
[BlackElo "1732"]
[PlyCount "81"]
[EventDate "2019.05.30"]
[EventRounds "7"]
[EventCountry "EST"]
[SourceVersionDate "2019.11.23"]

1. c4 Nf6 2. d4 c5 3. e3 cxd4 4. exd4 d5 5. Nf3 e6 6. Nc3 Bb4 7. Bg5 Qa5 8. Qc2
Ne4 9. Bd2 Nxd2 10. Qxd2 O-O 11. a3 Bxc3 12. bxc3 Nd7 13. c5 Nf6 14. Bd3 Bd7
15. a4 b6 16. cxb6 axb6 17. O-O Bxa4 18. Rfb1 Ne4 19. Bxe4 dxe4 20. Ne5 b5 21.
Nd7 Rfd8 22. Nc5 Qc7 23. Nxe4 Rac8 24. Rc1 Bb3 25. Rab1 Bc4 26. Rd1 Rd5 27. Qe3
Rcd8 28. Rd2 Rh5 29. h3 Qe7 30. Ng3 Rhd5 31. Re1 Qf6 32. Rdd1 h5 33. Ne4 Qg6
34. Qd2 e5 35. Qe3 exd4 36. Rxd4 Rxd4 37. cxd4 Bd5 38. Qf4 Bxe4 39. Rxe4 b4 40.
Re2 b3 41. Qc7 1/2-1/2

[Event "Eesti U16"]
[Site "Narva"]
[Date "2019.06.02"]
[Round "7.8"]
[White "Padari, Tuudur Jakob"]
[Black "Snitsarenko, Igor"]
[Result "1/2-1/2"]
[WhiteElo "1592"]
[BlackElo "1768"]
[PlyCount "127"]
[EventDate "2019.05.30"]
[EventRounds "7"]
[EventCountry "EST"]
[SourceVersionDate "2019.11.23"]

1. d4 Nf6 2. c4 c5 3. d5 b5 4. Nc3 b4 5. Nb1 d6 6. b3 g6 7. Nd2 Bg7 8. Bb2 O-O
9. Qc2 Bf5 10. Qc1 e6 11. dxe6 fxe6 12. g3 Nc6 13. Bg2 Rc8 14. e4 Bg4 15. h3
Bh5 16. g4 Bxg4 17. hxg4 Nxg4 18. Ngf3 Bxb2 19. Qxb2 Nce5 20. Qc2 Qf6 21. Ke2
d5 22. Raf1 d4 23. Nxe5 Nxe5 24. Kd1 Rcd8 25. Rh3 Ng4 26. Rf3 d3 27. Qc1 Qh4
28. Rxf8+ Rxf8 29. Nf3 Qh5 (29... Nxf2+ 30. Ke1 Rxf3 31. Bxf3 Nxe4+ 32. Kd1 Qh3
) 30. Qg5 Nxf2+ 31. Ke1 d2+ 32. Qxd2 Nxe4 33. Qe3 Qg4 34. Nd2 Rxf1+ 35. Bxf1
Nc3 36. Be2 Qh4+ 37. Qf2 Qg5 38. Qf3 Qh4+ 39. Qf2 Qh6 40. Qxc5 Qxd2+ 41. Kxd2
Ne4+ 42. Kd3 Nxc5+ 43. Kd4 Nb7 44. c5 Kf7 45. c6 Nd6 46. Kc5 Ke7 47. Kxb4 Kd8
48. Kc5 Kc7 49. a4 a5 50. Bf3 e5 51. Bd5 e4 52. b4 axb4 (52... e3 53. b5 (53.
Bf3 Ne4+ 54. Kd4 Ng5 55. Be2 axb4 56. Kxe3 Kxc6 57. Kd4 Kb6) 53... Nb7+) 53.
Kxb4 e3 (53... h5 54. a5 h4 55. a6 Kb6 56. a7 Kxa7 57. Kc5 Nc8 58. Bxe4 $11)
54. Bf3 h5 55. Kc3 h4 56. Kd3 Nf5 57. a5 Ne7 58. Kxe3 Nxc6 59. Kf4 Nd4 60. Be4
Ne6+ 61. Kg4 h3 62. Bxg6 h2 63. Be4 Nc5 64. Bh1 1/2-1/2

[Event "Eesti U16"]
[Site "Narva"]
[Date "2019.06.02"]
[Round "7.9"]
[White "Sizov, Lev"]
[Black "Nazarov, Vladislav"]
[Result "1/2-1/2"]
[WhiteElo "1567"]
[BlackElo "1755"]
[PlyCount "70"]
[EventDate "2019.05.30"]
[EventRounds "7"]
[EventCountry "EST"]
[SourceVersionDate "2019.11.23"]

1. d4 Nf6 2. c4 g6 3. Nc3 Bg7 4. e4 d6 5. f4 Nbd7 6. Nf3 c5 7. d5 a6 8. Bd3 O-O
9. h3 Ne8 10. g4 Ndf6 11. Qe2 Rb8 12. Qg2 Qa5 13. Bd2 Qb6 14. b3 Qd8 15. f5 Nc7
16. h4 b5 17. Rc1 bxc4 18. Bxc4 Nb5 19. Bd3 Qd7 20. h5 Rb7 21. hxg6 fxg6 22.
Qh3 h5 23. gxh5 gxh5 24. Qg2 Nc7 25. Bh6 Nce8 26. Bxg7 Nxg7 27. Ke2 Qe8 28.
Rcg1 Ng4 29. Nd1 Qf7 30. Ne3 Nxe3 31. Kxe3 Kh8 32. Ng5 Qf6 33. Bxa6 Ra7 34.
Bxc8 Qc3+ 35. Kf4 Qe5+ 1/2-1/2

[Event "Eesti U16"]
[Site "Narva"]
[Date "2019.06.02"]
[Round "7.10"]
[White "Mihhailov, Nikita"]
[Black "Uibokant, Karl Oskar"]
[Result "1-0"]
[WhiteElo "1691"]
[BlackElo "1724"]
[PlyCount "75"]
[EventDate "2019.05.30"]
[EventRounds "7"]
[EventCountry "EST"]
[SourceVersionDate "2019.11.23"]

1. e4 e5 2. Nc3 Nf6 3. f4 d6 4. Nf3 exf4 5. d4 Nc6 6. Bc4 Be7 7. Bxf4 O-O 8.
O-O Nxe4 9. Nxe4 d5 10. Bxc7 Qxc7 11. Bxd5 Qb6 12. Bb3 Bf5 13. Ng3 Bg4 14. c3
Rad8 15. Kh1 Bd6 16. Ne4 Bb8 17. Qc2 h6 18. Nf6+ gxf6 19. Qg6+ Kh8 20. Qxh6+
Kg8 21. Qg6+ Kh8 22. Qxf6+ Kg8 23. Qg6+ Kh8 24. Qxg4 Ne7 25. Qh5+ Kg8 26. Ng5
Qg6 27. Qxg6+ Nxg6 28. Nxf7 Kg7 29. Nxd8 Rxd8 30. Rf7+ Kh6 31. Raf1 b6 32. R1f6
Re8 33. Re6 Rh8 34. Bc2 Kg5 35. Rxg6+ Kh5 36. Rfg7 Bf4 37. Bd1+ Kh4 38. Rg4+
1-0

[Event "Eesti U16"]
[Site "Narva"]
[Date "2019.06.02"]
[Round "7.11"]
[White "Naestema, Joonas Aditya"]
[Black "Lainevool, Mirko"]
[Result "0-1"]
[WhiteElo "1582"]
[BlackElo "1467"]
[PlyCount "70"]
[EventDate "2019.05.30"]
[EventRounds "7"]
[EventCountry "EST"]
[SourceVersionDate "2019.11.23"]

1. d4 Nf6 2. Nf3 c5 3. Bf4 cxd4 4. Nxd4 e5 5. Bg3 exd4 6. Qxd4 Nc6 7. Qd3 d5 8.
Nc3 Bb4 9. O-O-O Bxc3 10. Qxc3 O-O 11. h4 Ne4 12. Qf3 Qa5 13. a3 Nxg3 14. Qxg3
Be6 15. h5 h6 16. f4 Rac8 17. Qd3 Ne7 18. Rh4 Bf5 19. Qg3 Rxc2+ 20. Kb1 Rc3+
21. Rd3 Bxd3+ 22. exd3 Nf5 23. Qe1 Nxh4 24. bxc3 Nf5 25. Qe5 Qb6+ 26. Ka2 Qe6
27. Qc7 d4+ 28. c4 Qe1 29. g4 Qxf1 30. gxf5 Qxd3 31. Qe5 Qxc4+ 32. Ka1 Rc8 33.
Qe1 Qc1+ 34. Qxc1 Rxc1+ 35. Kb2 Rc6 0-1

[Event "Eesti U16 (n)"]
[Site "Narva"]
[Date "2019.05.30"]
[Round "1.1"]
[White "Blohhin, Sofia"]
[Black "Jõerand, Jenna"]
[Result "1-0"]
[WhiteElo "1915"]
[BlackElo "1581"]
[PlyCount "59"]
[EventDate "2019.05.30"]
[EventRounds "7"]
[EventCountry "EST"]
[SourceVersionDate "2019.11.23"]

1. e4 d5 2. exd5 Qxd5 3. Nc3 Qa5 4. Nf3 Bg4 5. d4 c6 6. h3 Bh5 7. Bc4 Nf6 8.
O-O e6 9. Re1 Bb4 10. Bd2 O-O 11. a3 Be7 12. Nd5 Qd8 13. Nxe7+ Qxe7 14. Bb4 Qe8
15. Bxf8 Qxf8 16. g4 Bg6 17. Ne5 Be4 18. g5 Bf5 19. gxf6 gxf6 20. Ng4 Qg7 21.
Kh2 Nd7 22. Rg1 Qf8 23. Nxf6+ Kh8 24. Rg8+ Qxg8 25. Nxg8 Rxg8 26. Bd3 Bxd3 27.
Qxd3 f5 28. Rg1 Rf8 29. Qg3 Nf6 30. Qg7# 1-0

[Event "Eesti U16 (n)"]
[Site "Narva"]
[Date "2019.05.30"]
[Round "1.2"]
[White "Barkasheva, Sofia"]
[Black "Levchenko, Marina"]
[Result "1-0"]
[WhiteElo "1467"]
[BlackElo "1704"]
[PlyCount "37"]
[EventDate "2019.05.30"]
[EventRounds "7"]
[EventCountry "EST"]
[SourceVersionDate "2019.11.23"]

1. e4 c5 2. Nf3 d6 3. d4 cxd4 4. Nxd4 Nf6 5. Nc3 e6 6. g4 h6 7. h4 a6 8. Rg1
Be7 9. Be3 Nc6 10. g5 hxg5 11. hxg5 Nd7 12. g6 Nxd4 13. gxf7+ Kxf7 14. Bxd4 Bf6
15. Qd2 b5 16. O-O-O e5 17. Be3 Be7 18. Qd5+ Kf8 19. Qxa8 1-0

[Event "Eesti U16 (n)"]
[Site "Narva"]
[Date "2019.05.30"]
[Round "1.3"]
[White "Bitkova, Jelizaveta"]
[Black "Aksjonova, Alisa"]
[Result "1-0"]
[WhiteElo "1691"]
[BlackElo "1383"]
[PlyCount "103"]
[EventDate "2019.05.30"]
[EventRounds "7"]
[EventCountry "EST"]
[SourceVersionDate "2019.11.23"]

1. c4 c5 2. Nc3 Nc6 3. g3 e5 4. Bg2 g6 5. e4 Bg7 6. d3 d6 7. Nf3 Be6 8. O-O Nf6
9. Ne1 O-O 10. Nc2 Qd7 11. Ne3 Ne7 12. a3 a5 13. Nb5 Nc6 14. Nd5 Bxd5 15. exd5
Nd4 16. Nxd4 exd4 17. Re1 Rfe8 18. Bd2 Rxe1+ 19. Qxe1 Re8 20. Qd1 b6 21. Qc2
Ng4 22. h3 Nf6 23. Re1 Rxe1+ 24. Bxe1 Qe7 25. Kf1 Nd7 26. Qe2 Qxe2+ 27. Kxe2
Kf8 28. Bd2 f5 29. h4 a4 30. f4 h5 31. Kf3 Nf6 32. Bf1 Ng4 33. Be2 Kf7 34. Bd1
Ne3 35. Bxa4 Ke7 36. b4 Nf1 37. Be1 Nh2+ 38. Ke2 Ng4 39. bxc5 bxc5 40. Bc6 Nf6
41. Ba5 Nd7 42. Bc7 Ke8 43. a4 Bf6 44. a5 Bd8 45. a6 Bxc7 46. a7 Ke7 47. a8=Q
Nf6 48. Qc8 Bd8 49. Qe6+ Kf8 50. Qxd6+ Be7 51. Qb8+ Kf7 52. d6 1-0

[Event "Eesti U16 (n)"]
[Site "Narva"]
[Date "2019.05.30"]
[Round "1.4"]
[White "Timofejeva, Juliana"]
[Black "Sild, Marta Pauliine"]
[Result "0-1"]
[WhiteElo "1330"]
[BlackElo "1687"]
[PlyCount "126"]
[EventDate "2019.05.30"]
[EventRounds "7"]
[EventCountry "EST"]
[SourceVersionDate "2019.11.23"]

1. e4 e5 2. Nf3 Nc6 3. Nc3 Nf6 4. Bc4 Be7 5. Ng5 O-O 6. O-O h6 7. Nf3 d6 8. h3
Be6 9. Bxe6 fxe6 10. Re1 a6 11. d4 exd4 12. Nxd4 Nxd4 13. Qxd4 e5 14. Qc4+ Kh8
15. Nd5 Nxd5 16. Qxd5 c6 17. Qb3 Qd7 18. Qg3 Rf6 19. Re3 Raf8 20. Rf3 Rxf3 21.
gxf3 Qe6 22. Be3 Rf6 23. Qh2 Rxf3 24. Qg2 Rxh3 25. a3 Rh4 26. f3 Rh5 27. Kf2
Bg5 28. Rg1 Bxe3+ 29. Kxe3 Rg5 30. Qf2 Rxg1 31. Qxg1 Qf6 32. Ke2 d5 33. exd5
cxd5 34. Qa7 b5 35. Qa8+ Kh7 36. Qxd5 h5 37. c4 bxc4 38. Qxc4 h4 39. Qe4+ Kh6
40. Qg4 g6 41. b4 g5 42. Qc4 Qd6 43. a4 Qb6 44. a5 Qa7 45. b5 axb5 46. Qxb5 h3
47. Qb6+ Qxb6 48. axb6 h2 49. b7 h1=Q 50. b8=Q Qh2+ 51. Ke3 Qf4+ 52. Ke2 Qf6
53. Ke3 Kh5 54. Qe8+ Kh4 55. Qa4+ Qf4+ 56. Qxf4+ exf4+ 57. Kf2 Kh3 58. Kf1 Kg3
59. Ke2 Kg2 60. Ke1 Kxf3 61. Kf1 Ke3 62. Ke1 f3 63. Kf1 f2 0-1